Creatividad en la literatura norteamericana

Uloženo v:
Podrobná bibliografie
Hlavní autor: Podhoretz, Norman
Médium: Kniha
Jazyk:Spanish
Vydáno: México, Distrito Federal Pax México 1970
Témata:
Tagy: Přidat tag
Žádné tagy, Buďte první, kdo vytvoří štítek k tomuto záznamu!

MARC

LEADER 00000nam a2200000Ia 4500
008 170316s9999 xx 000 0 spa d
040 |a cru BVZT 
090 |a C-810 P-2c 
100 |a Podhoretz, Norman 
245 |a Creatividad en la literatura norteamericana 
260 |a México, Distrito Federal 
260 |b Pax México 
260 |c 1970 
300 |a 326páginas 
650 |a LITERATURA ESTADOUNIDENSE 
650 |a CRÍTICA 
942 |c 15 D 
999 |c 12864  |d 12864